1756 1429 1547 1599 1192 1657 1873 1394 1814 1149 1408 1482 1924 1585 1860 1120 1161 1795 1966 1264 1366 1453 1002 1349 1786 1783 1959 1660 1101 1969 1071 1576 1638 1941 1766 1761 1125 1370 1061 1945 1217 1041 1991 1057 1947 1052 1114 1251 1000 1355 1397 1898 1329 1651 1987 1237 1321 1379 1981 1403 1463 1947 1084 1328 1390 1851 1799 1309 1014 1519 1555 1204 1035 1187 1020 1944 1046 1059 1087 1216 1072 1264 1814 2000 1533 1830 1275 1964 1617 1326 1741 1120 1159 1920 1569 1723 1201 1512 1561 BCNSPRNW ULIB Ver.6.0+V

เปลี่ยนเป็นภาษาไทย

Change to English
 แสดงรายละเอียดบรรณานุกรม
  กลับหน้าหลัก

Brief Record : Get Marc (ISO 2709) : E-mail record : QR code < ปิดหน้าต่าง
LEADER : 00000nam a2200000Ia 4500
001    13399115041
003     ULIB
008    070320s2255 th a 000 0 tha d
020    9786160304639
050  4 ^aDS586^bค383
245 00 ^aคำสอนของพ่อ ^nแห่งแผ่นดิน/^cธรรมสภาและสถาบันบันลือธรรม
246    ^a King of tha Kings
260    ^aกรุงเทพฯ :^bสถาบัน,^c2555
300    ^a122 หน้า :^bภาพประกอบ ;^c17 ซม.
500    ^aชื่อเรื่องจากปก
600 04 ^aภูมิพลอดุลยเดช,^cพระบาทสมเด็จพระปรมินทรมหา,^d2470-
600 04 ^aภูมิพลอดุลยเดช,^cพระบาทสมเด็จพระปรมินทรมหา,^d2470-
650  4 ^aพระบรมราโชวาท
710 2  ^aธรรมสภาและสถาบันบันลือธรรม
945    ^p150^l0^i032134
945    ^p150^l0^i032135
945    ^p150^l0^i032136
945    ^p150^l0^i032137
945    ^p150^l0^i032138
995    ^a เกษร
999 ^a ใช้งานได้ทุกระบบ
รายการนี้ยังไม่มีแท็ก
คุณยังไม่ได้ล็อกอิน คุณสามารถมีกิจกรรมร่วมกับเว็บไซต์ได้ แต่ต้องล็อกอินก่อน ::
  ล็อกอิน

รายการสื่อสารสนเทศ

ลำดับที่ ประเภท เลขเรียก/บาร์โค้ด สถานที่ สถานะ
- ไม่พบข้อมูล -

รายการใกล้เคียง
    หัวเรื่อง [พระบรมราโชวาท]

BibComment


ยังไม่เคยถูกคอมเมนท์

คอมเมนท์ทรัพยากรรายการนี้
  คอมเมนท์: คำสอนของพ่อ แห่..


 Copyright 2026. Bcnsprnw @Library